|
|
|
|
| LEADER |
00000nam0a2200000 4500 |
| 001 |
356219 |
| 005 |
20231102010855.0 |
| 035 |
|
|
|a (RuTPU)RU\TPU\retro\13479
|
| 090 |
|
|
|a 356219
|
| 100 |
|
|
|a 20200716d19- m y0rusy50 ca
|
| 101 |
0 |
|
|a rus
|
| 102 |
|
|
|a RU
|
| 105 |
|
|
|a y z 000zy
|
| 200 |
1 |
|
|a Живопись и ее средства
|e La Science de la Peinture
|f Ж. Ж. Виберт
|g пер. Д. Киплика, Н. Пирогова
|
| 210 |
|
|
|a Санкт-Петербург
|c Новое общество художников
|d 19-
|
| 215 |
|
|
|a 172 с.
|
| 300 |
|
|
|a Текст в русской дореформенной орфографии
|
| 510 |
1 |
|
|a La Science de la Peinture
|z fre
|
| 606 |
1 |
|
|a Живопись
|x Техника
|2 stltpush
|3 (RuTPU)RU\TPU\subj\10836
|9 37853
|
| 610 |
1 |
|
|a изобразительное искусство
|
| 610 |
1 |
|
|a масляная живопись
|
| 610 |
1 |
|
|a клеевая живопись
|
| 610 |
1 |
|
|a фресковая живопись
|
| 610 |
1 |
|
|a матовая живопись
|
| 610 |
1 |
|
|a материалы
|
| 610 |
1 |
|
|a смолы
|
| 610 |
1 |
|
|a лаки
|
| 610 |
1 |
|
|a масла
|
| 675 |
|
|
|a 75.02
|v 4
|
| 700 |
|
1 |
|a Виберт
|b Ж. Ж.
|g Жан Жорж
|
| 702 |
|
1 |
|a Киплик
|b Д.
|4 730
|
| 702 |
|
1 |
|a Пирогов
|b Н.
|4 730
|
| 801 |
|
1 |
|a RU
|b 63413507
|c 20200716
|
| 801 |
|
2 |
|a RU
|b 63413507
|c 20200916
|g RCR
|
| 942 |
|
|
|c BK
|